|
|
|
|
| LEADER |
00000naa0a2200000 4500 |
| 001 |
597746 |
| 005 |
20250211161233.0 |
| 035 |
|
|
|a (RuTPU)RU\TPU\tpu\21122
|
| 090 |
|
|
|a 597746
|
| 100 |
|
|
|a 20120428d2004 k||y0rusy50 ca
|
| 101 |
0 |
|
|a rus
|
| 102 |
|
|
|a RU
|
| 200 |
1 |
|
|a Необходимость специального обучения модальности как важному компоненту англоязычной коммуникации
|f Е. П. Айлазян
|
| 320 |
|
|
|a Библиогр.: с. 65-66 (14 назв.)
|
| 333 |
|
|
|a В фонде НТБ ТПУ отсутствует
|
| 463 |
|
|
|t Активизация познавательной деятельности студентов при изучении иностранных языков
|o сборник научно-методических материалов
|v С. 59-67
|d 2004
|
| 610 |
1 |
|
|a труды учёных ТПУ
|
| 700 |
|
1 |
|a Айлазян
|b Е. П.
|c лингвист
|c старший преподаватель Томского политехнического университета
|g Елена Прокопьевна
|3 (RuTPU)RU\TPU\pers\29393
|
| 801 |
|
1 |
|a RU
|b 63413507
|c 20120428
|
| 942 |
|
|
|c BK
|